000 00501nam a22001812 4500
001 0000000483
005 20151217155802.0
008 070205s xx 000 0 eng d
040 _aKABU
_cKABU
050 0 _aDT423
_b.P74
245 1 0 _aPrelude to East African history /
_cedited by Merrick Posnansky.
260 _aNairobi :
_bOUP,
_c1966.
300 _a186 p.
700 1 _aPosnansky, Merrick.
_@0000148691
908 _a070205
950 _@1
999 _c12347
_d12347